MDQL
is popping MORE tags! Check the
thread
!
Quizzes
Events
Quiz Creation
Community
Videos
Private Events
Remove Ads
Sign In
Join for FREE
Feedback
Dark Mode
Quiz Categories
Sports
Geography
Music
Movies
Television
Just For Fun
Miscellaneous
History
Literature
Language
Science
Gaming
Entertainment
Religion
Holiday
For Kids
Quiz Lab
Recent
Popular Today
Quiz Kudos Today
Editor Picks
Curator Picks
Quizzes by...
Day
Popularity
Type
Ratings
Length
Year
Community
Subscriptions
Recent Discussions
Orange Saloon
Badges
Playlists
Quests
Create
Leaderboards
Showdown
Live 5
Trivia Bingo
Activity
Puzzle Library
Sporcle Events
Private Events
Virtual Trivia
Globe League
Become a Host
Pub Owners
SporcleCon
Opinionation
Our Games
Videos
Blog
Mobile Apps
Partnerships
Remove Ads and Go Orange
Feedback
Sports
Athletes
MLB
NBA
NHL
NFL
Soccer
Sports Teams
WWE
NCAA
Football
Premier League
Basketball
Baseball
Hockey
Golf
Tennis
Cricket
Rugby
Auto Racing
Olympics
World Cup
Sports
Athletes
MLB
NBA
NHL
NFL
Soccer
Sports Teams
WWE
NCAA
Football
Premier League
Basketball
Baseball
Hockey
Golf
Tennis
Cricket
Rugby
Auto Racing
Olympics
World Cup
Random Quiz
Search Sporcle
×
Quiz Lab
Quiz Lab
Sports
NBA
Select answers by clicking on text or image buttons
Select answers by clicking on text or image buttons
Clickable
Best Score? Go Orange.
NBA Chain Stats
NBA Chain Game
By
ballizlife
16m
85 Questions
3,325 Plays
3,325 Plays
3,325 Plays
Comments
Comments
Give Quiz Kudos
Give Quiz Kudos
-
- Ratings
hide this ad
Forced Order
Answers have to be entered in order
Answers have to be entered in order
Minefield
Wrong answers will end the quiz
Wrong answers will end the quiz
Replay
Link that replays current quiz
Next Quiz
Link to next quiz in quiz playlist
You Got
0%
They Got
Avg Score
14%
Avg Friend Score
Upgrade to see
Score Distribution
Jump to the score distribution portion of the page
Score
0/85
Timer
16:00
0
Plays Today
% Correct
???
95.3%
???
77.8%
???
65.5%
???
63.7%
???
57.7%
???
42.9%
???
38.1%
???
33.2%
???
27.2%
???
26.2%
???
25.8%
???
24.1%
???
23.2%
???
21.8%
???
21.6%
???
21.4%
???
20.8%
???
20.7%
???
14.4%
???
14%
???
13.8%
???
13.8%
???
13.8%
???
13.7%
???
13.5%
???
13.4%
???
13.3%
???
13.2%
???
13.2%
% Correct
???
13.1%
???
12.6%
???
12.1%
???
11.7%
???
11.6%
???
11.6%
???
11.5%
???
10.8%
???
10.8%
???
10.6%
???
10.6%
???
10.6%
???
10.5%
???
10.3%
???
10.3%
???
10.2%
???
10.1%
???
9.9%
???
9.4%
???
9.3%
???
8.8%
???
8.7%
???
8.6%
???
7.6%
???
7.6%
???
7.4%
???
7.3%
???
7.3%
???
7.2%
% Correct
???
6.7%
???
6.7%
???
5.1%
???
5.1%
???
5.1%
???
4.9%
???
4.5%
???
4.2%
???
4.2%
???
4.1%
???
4.1%
???
3.9%
???
3.9%
???
3.8%
???
3.8%
???
3.8%
???
3.8%
???
3.8%
???
3.7%
???
3.7%
???
3.7%
???
3.7%
???
3.7%
???
3.7%
???
3.7%
???
3.7%
???
3.7%
Quiz Playlist
Details
Report
Send in Message
Add To Playlist
Clickable:
Select answers by clicking on text or image buttons
Forced Order:
Answers have to be entered in order
Minefield:
Wrong answers will end the quiz
Last Updated: Dec 6, 2017
Quiz Scoreboard
CHALLENGE
Sign Up to Join the Scoreboard
Show All
Scores
Hide
Comments
May contain spoilers
Recently Published
5x2 Blitz: Bands
by SL_Kpop136
Music
30s
Colored Red Africa Blitz
by spor1
Geography
30s
Find the 'City' Movie
by crazypaving
Movies
60s
More to Explore
Quiz From the Vault
Featured Blog Post
14 Easter Pick-up Lines to Find Eggs With
hide this ad
You Might Also Like...
Tags
NBA Quiz
KOT4Q
Today's Top Quizzes in Sports
Browse Sports
hide this ad
Today's Top Quizzes in NBA
Browse NBA
Top Contributed Quizzes in Sports
1
Les entraîneurs de l'OM et du PSG au 21e siècle
2
Les meilleurs buteurs des matchs entre le PSG et l’OM
3
Players with Multiple 50 Home Run Seasons
4
2022 World Cup Stars
5
Les joueurs passés par le PSG et l'OM
6
NBA Logic Puzzle 2.0
7
Criteria MLB: Left Handed Sluggers
8
MLB Players with Two .350 Batting Average Seasons
9
Top 10 NHL Goal Scorers of All Time
10
Who Hit More Homers?
Explore More
Trending Topics
Kpop
Anime
NBA
Disney
Harry Potter
Crossword
Marvel
Pokémon
Puzzle
Song
Soccer
NFL
Country
The Office
WWE
hide this ad
More By:
ballizlife
Quiz
Plays
Rating
Category
Featured
Created
NBA Chain
25,844
4.00
Sports
Jan 24, 2018
NBA Chain
3,325
3.00
Sports
Nov 29, 2017
Name The Business Mogle
17
5.00
Miscellaneous
Mar 1, 2018
Go to Creator's Profile
Score Distribution
Quiz Creator Spotlight
ballizlife
Follow
Send a Message
Quizzes Created
-
Created Quiz Play Count
-
More By This Creator
Popular Quizzes Today
1
Colored Red Africa Blitz
2
Find the 'City' Movie
3
5x2 Blitz: Bands
4
Find the US States - No Outlines Minefield
5
The Countries of the World
6
Find the US States
7
US States
8
Find the Countries of Europe - No Outlines Minefield
More Sports Quizzes
Bracket Click: NFL Playoffs (2017-18)
Quiz Lab
Trending Quizzes
Colored Red Europe Blitz I
Colored Red Europe Blitz II
Colored Red Africa Blitz II
Colored Red Europe Blitz III
Colored Red Africa Blitz III
Recently Updated
How Do You Spell That?
pecheneg
Godzilla Movies
pecheneg
Grab Bag: 4-10 Letters
pecheneg
2024 March Madness Bracket
pecheneg
Famous TV Couples
Peacemaker
Champions League XIs: Real Madrid
pecheneg
Largest US Cities 1790-2010
pecheneg
Rides in Walt Disney World
pecheneg
Most Oscar Losses (Acting)
pecheneg
Beyoncé Albums
pecheneg
Trending Topics
Harry Potter
Anime
Marvel
Crossword
Disney
Kpop
NBA
Soccer
Pokémon
WWE
The Office
Song
NFL
Country
Puzzle
Your Account Isn't Verified!
In order to create a playlist on Sporcle, you need to verify the email address you used during registration. Go to your
Sporcle Settings
to finish the process.
Report this User
Report this user for behavior that violates our
Community Guidelines
.
Details:
Send Report
Go to the Sporcle.com Mobile Site →
Comments